000 00560nam a2200193Ia 4500
003 GCL
008 140319s9999 xx 000 0 ara d
040 _aGCL /
_cGCL
082 0 4 _a811.9
_bا د
100 1 _aاحمد امين
245 1 0 _aديوان حافظ ابراهيم /
_cاحمد امين
700 1 _aاحمد الزين
260 _aبيروت :
_bدار العودة للصحافة والطباعه
300 _a262 ص ؛
_c24 سم
490 _a
650 0 4 _aالشعر العربى
650 0 4 _aالشعر - مصر
942 _2ddc
_cBK
999 _c31433
_d31433